La doctrine des égaux (Record no. 180043)

MARC details
000 -LEADER
campo de control de longitud fija 00817nam a2200217 i 4500
001 - NÚMERO DE CONTROL
campo de control 180043
003 - IDENTIFICADOR DE NÚMERO DE CONTROL
campo de control ES-MaACL
005 - FECHA Y HORA DE LA ÚLTIMA TRANSACCIÓN
campo de control 20250727040042.0
008 - DATOS DE LONGITUD FIJA--INFORMACIÓN GENERAL
campo de control de longitud fija 120403s1906 fr |||| | fre d
100 1# - ENTRADA PRINCIPAL--NOMBRE DE PERSONA
Nombre de persona Babeuf, Gracchus.
9 (RLIN) 24415
245 13 - MENCIÓN DEL TÍTULO
Título La doctrine des égaux
Resto del título : extraits des oeuvres complètes /
Mención de responsabilidad, etc. Babeuf ; publiés par Albert Thomas.
260 ## - PUBLICACIÓN, DISTRIBUCIÓN, ETC.
Lugar de publicación, distribución, etc. Paris :
Nombre del editor, distribuidor, etc. Société Nouvelle de Librairie et d'Édition :
-- Edouard Cornély,
Fecha de publicación, distribución, etc. 1906.
300 ## - DESCRIPCIÓN FÍSICA
Extensión 96 p. ;
Dimensiones 16 cm.
490 1# - MENCIÓN DE SERIE
Mención de serie Bibliothèque socialiste ;
Designación de volumen o secuencia 37
650 #4 - PUNTO DE ACCESO ADICIONAL DE MATERIA--TÉRMINO DE MATERIA
Término de materia o nombre geográfico como elemento de entrada Socialismo-
Subdivisión general Historia.
9 (RLIN) 135485
650 #7 - PUNTO DE ACCESO ADICIONAL DE MATERIA--TÉRMINO DE MATERIA
Término de materia o nombre geográfico como elemento de entrada Socialismo utópico
Fuente del encabezamiento o término embne
9 (RLIN) 149695
700 0# - ENTRADA AGREGADA--NOMBRE PERSONAL
Nombre de persona Thomas, Albert.
9 (RLIN) 109994
830 0# - PUNTO DE ACCESO ADICIONAL DE SERIE-TÍTULO UNIFORME
Título uniforme Bibliothèque socialiste ;
Designación de volumen o secuencia 37
9 (RLIN) 185029
852 ## - LOCALIZACIÓN
Ubicación ES-MaACL
Número de control de estantería D-2176(4)
Nota libre .- Encuadernado en un vol. facticio
Holdings
Estatus retirado Estado de pérdida Estado de daño No para préstamo Biblioteca de origen Biblioteca actual Ubicación en estantería Fecha de adquisición Fuente de adquisición Total de préstamos Signatura topográfica completa Código de barras Visto por última vez Precio de reemplazo Tipo de ítem Koha
        Biblioteca del Ateneo de Madrid Biblioteca del Ateneo de Madrid Sala Valle Inclán 03/04/2012     D-2176(4) 901189169 23/02/2023 23/02/2023 Libro impreso